Rasa: (Record no. 191843)

MARC details
000 -LEADER
fixed length control field 00601nam a22001817a 4500
005 - DATE AND TIME OF LATEST TRANSACTION
control field 20220905164210.0
010 ## - LCCN (DPL NO)
LC control number ENG-134923-24
020 ## - INTERNATIONAL STANDARD BOOK NUMBER
Terms of availability 3000.00
035 ## - SYSTEM CONTROL NUMBER
System control number EN-118455-56
037 ## - SOURCE OF ACQUISITION
Source of stock number/acquisition DBAD/PUB
082 ## - DEWEY DECIMAL CLASSIFICATION NUMBER
Classification number 790.20954
245 ## - TITLE STATEMENT
Title Rasa:
Remainder of title The Indian Performing Arts in the last Twenty-Five Years/
Statement of responsibility, etc Edited by Bimal Mukherjee
260 ## - PUBLICATION, DISTRIBUTION, ETC. (IMPRINT)
Place of publication, distribution, etc Calcutta
Name of publisher, distributor, etc Anamika Kala Sangam
Date of publication, distribution, etc 1995
270 ## - ADDRESS
Address Ganga Jamuna Apartments, 3rd Floor, 28/1 Shakespeare Sarani
City Calcutta
Postal code 700017
300 ## - PHYSICAL DESCRIPTION
Extent 344p.
Dimensions 28cm(hb)
700 ## - ADDED ENTRY--PERSONAL NAME
Personal name Mukherjee, Bimal
942 ## - ADDED ENTRY ELEMENTS (KOHA)
Source of classification or shelving scheme Dewey Decimal Classification
Item type English Books
Classification part 790.20954
Call number suffix MUK
Holdings
Withdrawn status Lost status Materials specified (bound volume or other part) Not for loan Collection code Home library Current library Date acquired Source of acquisition Cost, normal purchase price Full call number Barcode Copy number Cost, replacement price Koha item type
    Volume 1 Not For Loan Reference Ashok Vihar Ashok Vihar 05/09/2022 DBAD/PUB 1500.00 790.20954 MUK EN-118455 1 1500.00 English Books
    VOLUME 2 Not For Loan Reference Ashok Vihar Ashok Vihar 05/09/2022 DBAD/PUB 1500.00 790.20954 MUK EN-118456 1 1500.00 English Books

© Delhi Public Library
Hit Counter
free hit counter